| 000 | 00893nab a2200265 u 4500 | ||
|---|---|---|---|
| 001 | 19283 | ||
| 003 | HDC | ||
| 007 | cr bn ---aaaaa | ||
| 008 | 210228c20100405xx dr|noo 0 a eng d | ||
| 040 | _aHDC | ||
| 100 |
_aOorjitham, Santha _eauthor _917751 |
||
| 245 | 0 |
_aPoland: Building bridges with cuisine / by _cSantha Oorjitham |
|
| 260 |
_a[No place] : _b[publisher not identified], _c2010 |
||
| 300 | _a1 online resource | ||
| 336 |
_atext _2rdacontent |
||
| 337 |
_acomputer _2rdamedia |
||
| 338 |
_aonline resource _2rdacarrier |
||
| 650 |
_aInternational halal market _917752 |
||
| 650 |
_aMuslims in Poland _917753 |
||
| 710 | _aHalal Focus | ||
| 856 | _zRequest full-text at [email protected] | ||
| 942 | _2lcc | ||
| 942 | _cNEWS | ||
| 942 | _kNWSO 006200 | ||
| 999 |
_c16599 _d16599 |
||